Normal view
MARC view
- Safeer, Pritam Singh
Entry Personal Name
001 - CONTROL NUMBER
- control field: 18897
003 - CONTROL NUMBER IDENTIFIER
- control field: NUST
005 - DATE AND TIME OF LATEST TRANSACTION
- control field: 20190731044654.0
008 - FIXED-LENGTH DATA ELEMENTS
- fixed length control field: 190731|| aca||aabn | a|a d
040 ## - CATALOGING SOURCE
- Original cataloging agency: NUST
- Transcribing agency: NUST
100 ## - HEADING--PERSONAL NAME
- Personal name: Safeer, Pritam Singh
670 ## - SOURCE DATA FOUND
- Source citation: Work cat.: (NUST): Safeer, Pritam Singh, Paap dy Sawilay /, 1942.
